[Event "Caro-Kann, Can You? July 2012 30/1/45"]
[Site "SchemingMind.com"]
[Date "2012.07.20"]
[Round "-"]
[White "Iucounu"]
[Black "krzysztof"]
[Result "1/2-1/2"]
[WhiteCountry "ENG"]
[BlackCountry "POL"]
[WhiteElo "1437"]
[WhiteRD "48"]
[BlackElo "1608"]
[BlackRD "75"]
[GameID "314525"]

1. e4 c6 2. d4 d5 3. Nc3 dxe4 4. Nxe4 e6 5. Nf3 Nf6 6. Nxf6+ gxf6 7. Bc4 Bb4+ 8. c3 Ba5 9. Bh6 b5 10. Bd3 Ba6
11. O-O b4 12. Bxa6 Nxa6 13. Bg7 Rg8 14. cxb4 Nxb4 15. a3 Nd5 16. Qa4 Qc7 17. Bh6 Nf4 18. Bxf4 Qxf4 19. Qxc6+ Ke7 20. Qc5+ Qd6
21. Qxd6+ Kxd6 22. b4 Bb6 23. Rac1 Rg4 24. b5 Ke7 25. Rfd1 Rag8 26. g3 f5 27. Ne5 Re4 28. Nc6+ Kf6 29. Kg2 f4 30. d5 fxg3
31. hxg3 h5 32. Rd3 exd5 33. Rxd5 h4 34. Rd6+ Re6 35. Rxe6+ Kxe6 36. Rc3 hxg3 37. Rxg3 Rxg3+ 38. fxg3 f5 39. Kf3 Kf6 40. a4 Ke6
41. Nxa7 Bxa7 42. g4 fxg4+ 43. Kxg4 Kd5 44. a5 Kc5 45. b6=
1/2-1/2

[Event "Caro-Kann, Can You? July 2012 30/1/45"]
[Site "SchemingMind.com"]
[Date "2012.07.18"]
[Round "-"]
[White "James Reed"]
[Black "krzysztof"]
[Result "0-1"]
[WhiteCountry "ENG"]
[BlackCountry "POL"]
[WhiteElo "1535"]
[WhiteRD "70"]
[BlackElo "1638"]
[BlackRD "80"]
[GameID "314526"]

1. e4 c6 2. d4 d5 3. exd5 cxd5 4. c4 Nf6 5. Nc3 dxc4 6. Bxc4 Bg4 7. Be2 h5 8. Bf4 e6 9. h3 Bf5 10. Nf3 Bb4
11. Bd2 Nc6 12. a3 Ba5 13. O-O Qb6 14. b4 Nxd4 15. bxa5 Nxe2+ 16. Qxe2 Qb2 17. Nd4 Rd8 18. Qb5+ Qxb5 19. Ncxb5 Nd5 20. Nxa7 g5
21. Rfe1 Ra8 22. Ndb5 g4 23. Nd6+ Kd7 24. Ndb5 gxh3 25. gxh3 Bxh3 26. Rac1 Rag8+ 27. Kh2 Bf5 28. Nd4 Rg4 29. Nxf5 exf5 30. Rb1 Rhg8
31. Rg1 Rh4#
0-1

[Event "Caro-Kann, Can You? July 2012 30/1/45"]
[Site "SchemingMind.com"]
[Date "2012.07.24"]
[Round "-"]
[White "The Stonewall"]
[Black "cnile"]
[Result "1-0"]
[WhiteCountry "ENG"]
[BlackCountry "SCO"]
[WhiteElo "2265"]
[WhiteRD "86"]
[BlackElo "1447"]
[BlackRD "58"]
[GameID "314641"]

1. e4 c6 2. d4 d5 3. f3 Nd7 4. Nc3 e6 5. Bd3 dxe4 6. Nxe4 Ngf6 7. Ne2 Nd5 8. O-O Be7 9. c4 N5f6 10. Bf4 O-O
11. Nd6 Nb6 12. Nxc8 Rxc8 13. Qd2 Nh5 14. Be3 Qc7 15. b3 Rfe8 16. Rfe1 Bd6 17. g3 Nd7 18. Rad1 Nf8 19. Qb2 Ng6 20. Nc3 f5
21. Bf2 Bb4 22. a3 Bf8 23. b4 e5 24. Bxf5 Rcd8 25. Bxg6 hxg6 26. dxe5 Rxe5 27. Rxe5 Rxd1+ 28. Nxd1 Bd6 29. Re8+ Kh7 30. Qd4 Bxg3
31. hxg3 Qf7 32. Qd8 g5 33. Rh8+
1-0

[Event "Caro-Kann, Can You? July 2012 30/1/45"]
[Site "SchemingMind.com"]
[Date "2012.07.23"]
[Round "-"]
[White "The Stonewall"]
[Black "macBruck"]
[Result "1-0"]
[WhiteCountry "ENG"]
[BlackCountry "AUS"]
[WhiteElo "2292"]
[WhiteRD "88"]
[BlackElo "1518"]
[BlackRD "74"]
[GameID "314642"]

1. e4 c6 2. d4 d5 3. f3 e6 4. Nc3 Bb4 5. Ne2 Bxc3+ 6. Nxc3 Nd7 7. Be2 e5 8. dxe5 Qa5 9. exd5 Ne7 10. d6 Nd5
11. f4 O-O 12. Bd2 Qc5 13. Nxd5 cxd5 14. Bc3 a5 15. Bd4 Qb4+ 16. c3 Qxb2 17. O-O Qa3 18. c4 dxc4 19. Rf3 Qxf3 20. Bxf3 a4
21. Rb1 Ra5 22. Bxb7 g6 23. Qd2 Rd5 24. Bxd5 Ba6 25. Qa5 Bc8 26. Bxc4
1-0

[Event "Caro-Kann, Can You? July 2012 30/1/45"]
[Site "SchemingMind.com"]
[Date "2012.07.23"]
[Round "-"]
[White "The Stonewall"]
[Black "krzysztof"]
[Result "1-0"]
[WhiteCountry "ENG"]
[BlackCountry "POL"]
[WhiteElo "2293"]
[WhiteRD "85"]
[BlackElo "1638"]
[BlackRD "80"]
[GameID "314643"]

1. e4 c6 2. d4 d5 3. f3 e5 4. dxe5 Be6 5. Nc3 d4 6. Nce2 Bb4+ 7. Bd2 Bxd2+ 8. Qxd2 c5 9. f4 Bc4 10. Nf3 Nc6
11. Nexd4 Bxf1 12. Nxc6 Qxd2+ 13. Nxd2 Bb5 14. Na5 O-O-O 15. Nac4 Bxc4 16. Nxc4 Nh6 17. Nd6+ Kc7 18. O-O-O f6 19. Rd5 Kc6 20. Rhd1 fxe5
21. fxe5 Rhf8 22. e6 Rf6 23. e7 Rfxd6 24. Rxd6+ Rxd6 25. e8=Q+ Kc7 26. Qe7+ Rd7 27. Rxd7+ Kb6 28. Rd6+ Kb5 29. Qxb7+
1-0

[Event "Caro-Kann, Can You? July 2012 30/1/45"]
[Site "SchemingMind.com"]
[Date "2012.07.23"]
[Round "-"]
[White "The Stonewall"]
[Black "ray winteringham"]
[Result "1-0"]
[WhiteCountry "ENG"]
[BlackCountry "ENG"]
[WhiteElo "2293"]
[WhiteRD "85"]
[BlackElo "1510"]
[BlackRD "50"]
[GameID "314644"]

1. e4 c6 2. d4 d5 3. f3 e6 4. Nc3 Bb4 5. Bf4 Ne7 6. Qd2 Bxc3 7. Qxc3 O-O 8. Bd3 b5 9. Ne2 Bb7 10. O-O Nd7
11. a4 a6 12. b3 h6 13. Bd6 Re8 14. e5 Nc8 15. axb5 cxb5 16. Bc7 Qe7 17. Ba5 Na7 18. Bb4 Qd8 19. Qd2 Nc6 20. Bd6 f6
21. Bg6 fxe5 22. Bxe8 Qxe8 23. dxe5 Ndxe5 24. Bxe5 Nxe5 25. Rae1 Ng6 26. Nd4 e5 27. Nf5 Qc6 28. Rxe5 Nxe5 29. Ne7+
1-0

[Event "Caro-Kann, Can You? July 2012 30/1/45"]
[Site "SchemingMind.com"]
[Date "2012.07.24"]
[Round "-"]
[White "The Stonewall"]
[Black "Iucounu"]
[Result "1-0"]
[WhiteCountry "ENG"]
[BlackCountry "ENG"]
[WhiteElo "2265"]
[WhiteRD "86"]
[BlackElo "1384"]
[BlackRD "49"]
[GameID "314645"]

1. e4 c6 2. d4 d5 3. f3 dxe4 4. fxe4 Nf6 5. e5 Nd5 6. c4 Nb6 7. Nc3 Nxc4 8. Bxc4 e6 9. Nf3 Bb4 10. O-O O-O
11. Qb3 Bxc3 12. bxc3 Qb6 13. Qc2 Na6 14. Ba3 Qd8 15. Bxf8 Qxf8 16. Ng5
1-0

[Event "Caro-Kann, Can You? July 2012 30/1/45"]
[Site "SchemingMind.com"]
[Date "2012.07.24"]
[Round "-"]
[White "The Stonewall"]
[Black "James Reed"]
[Result "1-0"]
[WhiteCountry "ENG"]
[BlackCountry "ENG"]
[WhiteElo "2293"]
[WhiteRD "85"]
[BlackElo "1535"]
[BlackRD "70"]
[GameID "314646"]

1. e4 c6 2. d4 d5 3. f3 dxe4 4. fxe4 e6 5. Nf3 Nd7 6. Bd3 Ngf6 7. e5 Nd5 8. O-O h6 9. c4 Nc7 10. Nc3 Be7
11. Qe1 Nb6 12. Qg3 g6 13. Ne4 Bd7 14. Nd6+ Bxd6 15. exd6 Na6 16. Ne5 Rf8 17. Bxh6 Rg8 18. Bxg6 fxg6 19. Qxg6+ Rxg6 20. Rf8#
1-0

[Event "Caro-Kann, Can You? July 2012 30/1/45"]
[Site "SchemingMind.com"]
[Date "2012.07.23"]
[Round "-"]
[White "cnile"]
[Black "The Stonewall"]
[Result "0-1"]
[WhiteCountry "SCO"]
[BlackCountry "ENG"]
[WhiteElo "1447"]
[WhiteRD "58"]
[BlackElo "2265"]
[BlackRD "86"]
[GameID "314647"]

1. e4 c6 2. d4 d5 3. exd5 cxd5 4. c4 Nf6 5. Nc3 Nc6 6. Nf3 g6 7. Bf4 Bg7 8. Bd3 Bg4 9. O-O Nxd4 10. h3 Nxf3+
11. Kh1 Bh5 12. gxf3 O-O 13. cxd5 Nxd5 14. Nxd5 Qxd5 15. Qd2 Rfd8 16. Rfd1 Bxf3+ 17. Kh2 Bxd1 18. Rxd1 Qxa2 19. Qb4 Qxb2 20. Qc5 Bd4
21. Qc2 Qxc2 22. Bxc2 Bxf2 23. Rf1 Bb6 24. Bh6 Rac8 25. Bb3 e6
0-1

[Event "Caro-Kann, Can You? July 2012 30/1/45"]
[Site "SchemingMind.com"]
[Date "2012.07.23"]
[Round "-"]
[White "macBruck"]
[Black "The Stonewall"]
[Result "0-1"]
[WhiteCountry "AUS"]
[BlackCountry "ENG"]
[WhiteElo "1518"]
[WhiteRD "74"]
[BlackElo "2292"]
[BlackRD "88"]
[GameID "314648"]

1. e4 c6 2. d4 d5 3. e5 Bf5 4. Bd3 Bxd3 5. Qxd3 e6 6. Ne2 c5 7. c4 Nc6 8. a3 cxd4 9. Bf4 dxc4 10. Qxc4 Nge7
11. O-O Qd5 12. Qxd5 Nxd5 13. Rd1 f6 14. Nxd4 Nxf4 15. Nc3 Nxd4 16. Rxd4 fxe5 17. Re4 Bc5 18. Rd1 O-O 19. Kf1 Bd4 20. Rd2 Nd5
21. Nxd5 exd5 22. Ree2 Rac8 23. Ke1 Rc1+ 24. Rd1 Rxd1+ 25. Kxd1 Rxf2 26. Rc2 Rxc2 27. Kxc2 e4 28. b4 Be5 29. g3 h5 30. Kd2 d4
31. a4 Kf7 32. Ke2 Ke6 33. Kd2 Kd5 34. b5 Kc4 35. Ke2 Kc3 36. a5 Bc7 37. a6 b6 38. h4 Bxg3 39. Kd1 d3 40. Kc1 e3
41. Kb1 d2 42. Ka2 d1=Q 43. Ka3 Qa1#
0-1

[Event "Caro-Kann, Can You? July 2012 30/1/45"]
[Site "SchemingMind.com"]
[Date "2012.07.23"]
[Round "-"]
[White "krzysztof"]
[Black "The Stonewall"]
[Result "0-1"]
[WhiteCountry "POL"]
[BlackCountry "ENG"]
[WhiteElo "1638"]
[WhiteRD "80"]
[BlackElo "2293"]
[BlackRD "85"]
[GameID "314649"]

1. e4 c6 2. d4 d5 3. exd5 cxd5 4. Nf3 Nc6 5. Ne5 Qb6 6. c3 Nxe5 7. dxe5 e6 8. Qc2 Bd7 9. Bd3 Ne7 10. Na3 Ng6
11. Be3 Bc5 12. Bxc5 Qxc5 13. g3 Nxe5 14. Be2 O-O 15. O-O f5 16. b4 Qb6 17. Rae1 a5 18. b5 Qc5 19. Qc1 Rac8 20. Bd1 Nd3
21. Qe3 Nxe1 22. Qxc5 Rxc5 23. Rxe1 Rxc3 24. Nb1 Rc1 25. Na3 Rfc8 26. Kf1 R8c3 27. Bb3 a4 28. Bxa4 Rxe1+ 29. Kxe1 Rxa3 30. Bb3 Bxb5
31. Kd2 Bc4 32. Kc3 Bxb3 33. axb3 e5 34. f3 Ra2 35. h4 Rg2 36. g4 fxg4 37. fxg4 Rxg4
0-1

[Event "Caro-Kann, Can You? July 2012 30/1/45"]
[Site "SchemingMind.com"]
[Date "2012.07.23"]
[Round "-"]
[White "ray winteringham"]
[Black "The Stonewall"]
[Result "0-1"]
[WhiteCountry "ENG"]
[BlackCountry "ENG"]
[WhiteElo "1486"]
[WhiteRD "49"]
[BlackElo "2310"]
[BlackRD "86"]
[GameID "314650"]

1. e4 c6 2. d4 d5 3. exd5 cxd5 4. c4 Nf6 5. Be3 Nc6 6. c5 Ng4 7. h3 Nxe3 8. fxe3 e5 9. Be2 Qh4+ 10. Kd2 exd4
11. Nf3 dxe3+ 12. Kxe3 Bxc5+ 13. Kd2 Qf4+ 14. Kc2 Bf5+ 15. Bd3 Nb4+ 16. Kc3 Nxd3 17. Qe2+ Be3 18. Rd1 Qc4#
0-1

[Event "Caro-Kann, Can You? July 2012 30/1/45"]
[Site "SchemingMind.com"]
[Date "2012.07.23"]
[Round "-"]
[White "Iucounu"]
[Black "The Stonewall"]
[Result "0-1"]
[WhiteCountry "ENG"]
[BlackCountry "ENG"]
[WhiteElo "1437"]
[WhiteRD "48"]
[BlackElo "2292"]
[BlackRD "88"]
[GameID "314651"]

1. e4 c6 2. d4 d5 3. Nc3 dxe4 4. Nxe4 Nf6 5. Nxf6+ gxf6 6. Bc4 Bf5 7. c3 e6 8. Nf3 Nd7 9. Bd3 Bg4 10. h3 Bh5
11. O-O Qc7 12. Re1 Bd6 13. g4 Bg6 14. Bxg6 hxg6 15. Kf1 Rxh3 16. Kg2 Rh8 17. Rh1 O-O-O 18. Be3 Nb6 19. Qe2 Nd5 20. g5 Nxe3+
21. Qxe3 Bf4 22. Qd3 fxg5 23. Rxh8 Rxh8 24. Rh1 Qd8 25. Qd1 Rh5 26. Rxh5 gxh5 27. Ne5 Bxe5 28. Qxh5 Bf6 29. Qxf7 Qe7 30. Qxe7 Bxe7
31. Kg3 c5 32. dxc5 Bxc5 33. f4 Bd6
0-1

[Event "Caro-Kann, Can You? July 2012 30/1/45"]
[Site "SchemingMind.com"]
[Date "2012.07.23"]
[Round "-"]
[White "James Reed"]
[Black "The Stonewall"]
[Result "0-1"]
[WhiteCountry "ENG"]
[BlackCountry "ENG"]
[WhiteElo "1598"]
[WhiteRD "57"]
[BlackElo "2265"]
[BlackRD "86"]
[GameID "314652"]

1. e4 c6 2. d4 d5 3. Nc3 dxe4 4. Nxe4 Nf6 5. Nxf6+ gxf6 6. Nf3 Bg4 7. Be2 Qc7 8. h3 Bxf3 9. Bxf3 Nd7 10. O-O e6
11. Re1 O-O-O 12. Be3 Ne5 13. Qe2 Nxf3+ 14. Qxf3 Be7 15. c3 Rhg8 16. Bf4 Qa5 17. Qe3 h5 18. Bg3 Rg6 19. a3 Qd5 20. Qe4 Qb3
21. Qe2 Rh8 22. Rec1 h4 23. Bf4 Qd5 24. g3 hxg3
0-1

[Event "Caro-Kann, Can You? July 2012 30/1/45"]
[Site "SchemingMind.com"]
[Date "2012.07.21"]
[Round "-"]
[White "Pol MacGilla tSamhais"]
[Black "cnile"]
[Result "1-0"]
[WhiteCountry "IRL"]
[BlackCountry "SCO"]
[WhiteElo "1154"]
[WhiteRD "92"]
[BlackElo "1447"]
[BlackRD "58"]
[GameID "314713"]

1. e4 c6 2. d4 d5 3. exd5 cxd5 4. c4 e6 5. Nc3 Bb4 6. Qg4 Qf6 7. Bg5 Qg6 8. Qf4 Nc6 9. Be2 Nf6 10. Nf3 Ne4
11. O-O Nxc3 12. bxc3 Bxc3 13. Rac1 Bxd4 14. Nxd4 Bd7 15. cxd5 exd5 16. Qe3+ Be6 17. Nxc6 bxc6 18. Rxc6 O-O 19. Be7 Rfe8 20. Rc7 Qc2
21. Rxc2 Rxe7 22. Ba6 Rb8 23. Rfc1
1-0

[Event "Caro-Kann, Can You? July 2012 30/1/45"]
[Site "SchemingMind.com"]
[Date "2012.07.23"]
[Round "-"]
[White "Pol MacGilla tSamhais"]
[Black "The Stonewall"]
[Result "0-1"]
[WhiteCountry "IRL"]
[BlackCountry "ENG"]
[WhiteElo "1154"]
[WhiteRD "92"]
[BlackElo "2265"]
[BlackRD "86"]
[GameID "314714"]

1. e4 c6 2. d4 d5 3. e5 Bf5 4. Nf3 e6 5. Be2 Ne7 6. O-O Nd7 7. Nc3 Bg4 8. h3 Bxf3 9. Bxf3 c5 10. Be3 cxd4
11. Bxd4 Nc6 12. Re1 Bc5 13. Bxc5 Nxc5 14. Qd4 Nxd4 15. Rad1 Nxc2 16. Re2 Nb4 17. Nb5 O-O 18. a3 Nc6 19. Bh5 Qg5 20. g4 g6
0-1

[Event "Caro-Kann, Can You? July 2012 30/1/45"]
[Site "SchemingMind.com"]
[Date "2012.07.21"]
[Round "-"]
[White "Pol MacGilla tSamhais"]
[Black "macBruck"]
[Result "0-1"]
[WhiteCountry "IRL"]
[BlackCountry "AUS"]
[WhiteElo "1155"]
[WhiteRD "91"]
[BlackElo "1518"]
[BlackRD "74"]
[GameID "314715"]

1. e4 c6 2. d4 d5 3. exd5 cxd5 4. c4 Be6 5. c5 Qc7 6. Bb5+ Nc6 7. Ne2 Bd7 8. Nbc3 Nf6 9. O-O e5 10. Bxc6 Bxc6
11. Ng3 g6 12. Bg5 Be7 13. Re1 e4 14. Qd2 O-O-O 15. b4 a6 16. Qe2 h6 17. Bxf6 Bxf6 18. Rad1 Rhe8 19. f3 Qf4 20. Qd2 e3
21. Qc2 Qg5 22. Re2 Qf4 23. Nh1 Bxd4 24. Rf1 h5 25. g3 Qf6 26. Qd3 g5 27. g4 h4 28. Rd1 Bxc3 29. Rxe3 Rxe3 30. Qxe3 d4
31. Qd3 Kc7 32. Nf2 Re8 33. a3 Be1 34. Nh3 Bc3 35. Nf2 Bxf3 36. Rf1 Be2 37. Qb1 Bxf1 38. Kxf1 Re1+ 39. Qxe1 Bxe1 40. Kxe1 Qe5+
41. Kf1 Qxh2
0-1

[Event "Caro-Kann, Can You? July 2012 30/1/45"]
[Site "SchemingMind.com"]
[Date "2012.07.20"]
[Round "-"]
[White "Pol MacGilla tSamhais"]
[Black "krzysztof"]
[Result "0-1"]
[WhiteCountry "IRL"]
[BlackCountry "POL"]
[WhiteElo "1146"]
[WhiteRD "94"]
[BlackElo "1638"]
[BlackRD "80"]
[GameID "314716"]

1. e4 c6 2. d4 d5 3. e5 e6 4. Nc3 h6 5. Bd3 Nd7 6. Bd2 Ne7 7. Nf3 Nf5 8. O-O Qb6 9. b3 Nxd4 10. Be3 c5
11. Qd2 Nxf3+ 12. gxf3 d4 13. Nd1 dxe3 14. Nxe3 Nxe5 15. Rfe1 Nxf3+ 16. Kf1 Nxd2+ 17. Ke2 c4 18. Bxc4 Bb4 19. a3 Bc3 20. Kd3 Qd4+
21. Ke2 e5 22. Rad1 Bg4+ 23. f3 Bxf3+ 24. Kf2 Qh4+ 25. Kg1 Qg5+
0-1

[Event "Caro-Kann, Can You? July 2012 30/1/45"]
[Site "SchemingMind.com"]
[Date "2012.07.20"]
[Round "-"]
[White "Pol MacGilla tSamhais"]
[Black "ray winteringham"]
[Result "0-1"]
[WhiteCountry "IRL"]
[BlackCountry "ENG"]
[WhiteElo "1146"]
[WhiteRD "94"]
[BlackElo "1510"]
[BlackRD "50"]
[GameID "314717"]

1. e4 c6 2. d4 d5 3. exd5 cxd5 4. Bd3 Nc6 5. c3 g6 6. Nf3 Bg7 7. O-O Nf6 8. Re1 e6 9. Nbd2 O-O 10. Nf1 b6
11. Bb5 Bb7 12. Bf4 a6 13. Bxc6 Bxc6 14. Ne5 Bb7 15. Qd3 a5 16. c4 Ba6 17. Qc3 Ne4 18. Qb3 Bxe5 19. Bxe5 Bxc4 20. Qf3 Bxf1
21. Rxf1 Nd2 22. Qg3 Nxf1 23. Rxf1 f6 24. Bd6 Re8 25. Bc7 Qc8 26. Bxb6 Qc2 27. Qa3 a4 28. b3 axb3 29. axb3 Rxa3 30. b4 Rb3
31. Ba5 Rb1 32. g3 Rxf1+ 33. Kxf1 Ra8 34. b5 Rxa5
0-1

[Event "Caro-Kann, Can You? July 2012 30/1/45"]
[Site "SchemingMind.com"]
[Date "2012.07.25"]
[Round "-"]
[White "Pol MacGilla tSamhais"]
[Black "Iucounu"]
[Result "0-1"]
[WhiteCountry "IRL"]
[BlackCountry "ENG"]
[WhiteElo "1155"]
[WhiteRD "91"]
[BlackElo "1437"]
[BlackRD "48"]
[GameID "314718"]

1. e4 c6 2. d4 d5 3. e5 Bf5 4. Nc3 e6 5. g4 Bg6 6. Nf3 Bb4 7. a3 Bxc3+ 8. bxc3 f6 9. Bd3 f5 10. gxf5 Bxf5
11. Bxf5 exf5 12. e6 Qe7 13. Qe2 g6 14. Bg5 Nf6 15. O-O O-O 16. c4 dxc4 17. Rfe1 b5 18. c3 Re8 19. Rad1 Na6 20. Qd2 Rad8
21. Qe3 Nc7 22. Ne5 Rd5 23. Nxc6 Qd6 24. Ne5 Qxe6 25. f4 Nd7 26. Qf3 Nxe5 27. fxe5 a6 28. Qf2 Qf7 29. Qf4 Ne6 30. Qf3 Nxg5
31. Qg2 Ne4 32. Qb2 Qc7 33. a4 Rb8 34. e6 Qe7 35. Rb1 Qxe6 36. Qb4 Qd6 37. Qa5 Qb6 38. Qb4 Kf7 39. Kg2 a5 40. Qa3 b4
41. cxb4 axb4 42. Qe3 Qxd4 43. Qh6 Qf2+
0-1

[Event "Caro-Kann, Can You? July 2012 30/1/45"]
[Site "SchemingMind.com"]
[Date "2012.07.23"]
[Round "-"]
[White "Pol MacGilla tSamhais"]
[Black "James Reed"]
[Result "0-1"]
[WhiteCountry "IRL"]
[BlackCountry "ENG"]
[WhiteElo "1154"]
[WhiteRD "92"]
[BlackElo "1598"]
[BlackRD "57"]
[GameID "314719"]

1. e4 c6 2. d4 d5 3. exd5 Nf6 4. dxc6 Nxc6 5. Nf3 e6 6. Bb5 Qa5+ 7. Nc3 Bd7 8. b3 a6 9. b4 Qxb4 10. Bd2 axb5
11. Nd5 Qd6 12. Nb6 Ra6 13. Nxd7 Qxd7 14. Bc3 Ne4 15. Bb2 Bb4+ 16. c3 Nxc3 17. Qc2 Nxa2+ 18. Ke2 Qd5 19. Bc3 Nxc3+ 20. Ke1 Nxd4
21. Rc1 Nxc2+
0-1

[Event "Caro-Kann, Can You? July 2012 30/1/45"]
[Site "SchemingMind.com"]
[Date "2012.07.21"]
[Round "-"]
[White "cnile"]
[Black "Pol MacGilla tSamhais"]
[Result "1-0"]
[WhiteCountry "SCO"]
[BlackCountry "IRL"]
[WhiteElo "1447"]
[WhiteRD "58"]
[BlackElo "1154"]
[BlackRD "92"]
[GameID "314720"]

1. e4 c6 2. d4 d5 3. exd5 cxd5 4. c4 e6 5. Nf3 Nf6 6. Bg5 h6 7. Bh4 Be7 8. Nc3 O-O 9. Be2 Qc7 10. O-O Rd8
11. Bg3 Bd6 12. Bxd6 Qxd6 13. Rc1 Nbd7 14. c5 Qc7 15. b4 e5 16. dxe5 Nxe5 17. Re1 Be6 18. Qd4 Rd7 19. Nxe5 Rdd8 20. Nb5 Qe7
21. Nd6 Ne4 22. a4 a5 23. b5 Nxd6 24. c6 Nf5 25. Qb6 bxc6 26. Nxc6 Qg5 27. Nxd8 Rxd8 28. Qxa5 d4 29. Bf3 Nh4 30. Bc6 Rc8
31. Qa6 Bh3 32. Be4 g6 33. Rxc8+ Kg7 34. g3 Qd2 35. Rcc1
1-0

[Event "Caro-Kann, Can You? July 2012 30/1/45"]
[Site "SchemingMind.com"]
[Date "2012.07.23"]
[Round "-"]
[White "The Stonewall"]
[Black "Pol MacGilla tSamhais"]
[Result "1-0"]
[WhiteCountry "ENG"]
[BlackCountry "IRL"]
[WhiteElo "2265"]
[WhiteRD "86"]
[BlackElo "1154"]
[BlackRD "92"]
[GameID "314721"]

1. e4 c6 2. d4 d5 3. f3 e6 4. Nc3 Bb4 5. Ne2 Nf6 6. a3 Ba5 7. Qd3 O-O 8. Bg5 h6 9. Bh4 Nbd7 10. e5 g5
11. Bf2 c5 12. exf6 c4 13. Qe3 Nxf6 14. h4 Nh7 15. Bg3 Qb6 16. O-O-O Bd7 17. hxg5 hxg5 18. f4 f6 19. fxg5 fxg5 20. Rh6 Rf7
21. Be5 Raf8 22. Qxg5+
1-0

[Event "Caro-Kann, Can You? July 2012 30/1/45"]
[Site "SchemingMind.com"]
[Date "2012.07.22"]
[Round "-"]
[White "macBruck"]
[Black "Pol MacGilla tSamhais"]
[Result "1-0"]
[WhiteCountry "AUS"]
[BlackCountry "IRL"]
[WhiteElo "1554"]
[WhiteRD "77"]
[BlackElo "1154"]
[BlackRD "92"]
[GameID "314722"]

1. e4 c6 2. d4 d5 3. e5 Bf5 4. Bd3 Bxd3 5. Qxd3 e6 6. c3 c5 7. c4 Nd7 8. Be3 Qb6 9. b3 Ne7 10. Nf3 f6
11. Nc3 dxc4 12. bxc4 Qb2 13. O-O Qb6 14. Nb5 Nf5 15. Rfb1 cxd4 16. Nd6+ Kd8 17. Rxb6 axb6 18. Bxd4 Be7 19. Nf7+
1-0

[Event "Caro-Kann, Can You? July 2012 30/1/45"]
[Site "SchemingMind.com"]
[Date "2012.07.21"]
[Round "-"]
[White "krzysztof"]
[Black "Pol MacGilla tSamhais"]
[Result "1-0"]
[WhiteCountry "POL"]
[BlackCountry "IRL"]
[WhiteElo "1638"]
[WhiteRD "80"]
[BlackElo "1146"]
[BlackRD "94"]
[GameID "314723"]

1. e4 c6 2. d4 d5 3. exd5 cxd5 4. g3 Nf6 5. Bg2 e6 6. Nf3 Bb4+ 7. c3 Ba5 8. Ne5 g6 9. Bh6 Qb6 10. Bg7 Rg8
11. Bxf6 Qxb2 12. Nd2 Bxc3 13. Nf3 Nd7 14. Bg5 Qa3 15. Rc1 h6 16. Be3 Qxa2 17. Rxc3 Qb2 18. Rc2 Qa3 19. Bxh6 Rh8 20. Qc1 Nb6
21. Bf4 Qe7 22. Rc7 Qb4 23. Be5 Rf8 24. O-O f6 25. Bf4 Qxd4 26. Nxd4
1-0

[Event "Caro-Kann, Can You? July 2012 30/1/45"]
[Site "SchemingMind.com"]
[Date "2012.07.21"]
[Round "-"]
[White "ray winteringham"]
[Black "Pol MacGilla tSamhais"]
[Result "1-0"]
[WhiteCountry "ENG"]
[BlackCountry "IRL"]
[WhiteElo "1510"]
[WhiteRD "50"]
[BlackElo "1146"]
[BlackRD "94"]
[GameID "314724"]

1. e4 c6 2. d4 d5 3. exd5 cxd5 4. c4 e6 5. Nf3 Nf6 6. Bg5 Bb4+ 7. Nbd2 h6 8. Bh4 Qd6 9. Bxf6 gxf6 10. c5 Qd7
11. a4 b6 12. cxb6 axb6 13. Bb5 Nc6 14. O-O Qd6 15. Rc1 Ba6 16. Rxc6 Qf4 17. Rxb6+ Kf8 18. Bxa6 Be7 19. Be2 Bd8 20. Rb3 Rg8
21. g3 Qc7 22. Rc3 Qb7 23. Rb3 Qd7 24. Bb5 Qc7 25. Rc3 Qd6 26. Rc6 Qb8 27. Qc1 Kg7 28. Nb3 Re8 29. Nc5 e5 30. Rxf6 Bxf6
31. Bxe8 Qxe8 32. Qd1 e4 33. Ne1 Rb8 34. Qd2 Rb4 35. Qxb4 e3 36. f3 e2 37. Rf2
1-0

[Event "Caro-Kann, Can You? July 2012 30/1/45"]
[Site "SchemingMind.com"]
[Date "2012.07.25"]
[Round "-"]
[White "Iucounu"]
[Black "Pol MacGilla tSamhais"]
[Result "1-0"]
[WhiteCountry "ENG"]
[BlackCountry "IRL"]
[WhiteElo "1384"]
[WhiteRD "49"]
[BlackElo "1154"]
[BlackRD "92"]
[GameID "314725"]

1. e4 c6 2. d4 d5 3. exd5 cxd5 4. Bb5+ Bd7 5. Bxd7+ Nxd7 6. Nc3 e5 7. dxe5 Nxe5 8. Qe2 d4 9. Qxe5+ Qe7 10. Qxe7+ Nxe7
11. Nb5 Rd8 12. Bg5 f6 13. Bf4 Rd7 14. O-O-O Nf5 15. Nf3 a6 16. Nbxd4 Bc5 17. Nxf5 Re7 18. Nxe7
1-0

[Event "Caro-Kann, Can You? July 2012 30/1/45"]
[Site "SchemingMind.com"]
[Date "2012.07.23"]
[Round "-"]
[White "James Reed"]
[Black "Pol MacGilla tSamhais"]
[Result "1-0"]
[WhiteCountry "ENG"]
[BlackCountry "IRL"]
[WhiteElo "1598"]
[WhiteRD "57"]
[BlackElo "1154"]
[BlackRD "92"]
[GameID "314726"]

1. e4 c6 2. d4 d5 3. Nc3 dxe4 4. Nxe4 Nd7 5. Bd3 Ngf6 6. Nf3 Nxe4 7. Bxe4 Nf6 8. Qe2 e6 9. h3 g6 10. a3 Bg7
11. Bd2 Qd6 12. Bd3 Nd5 13. Qe4 f5 14. Qe2 O-O 15. O-O Re8 16. Rfe1 Nf4 17. Bxf4 Qxf4 18. c3 b5 19. a4 a6 20. axb5 cxb5
21. Bxb5 axb5 22. Rxa8 Qc7 23. Qxb5 Qe7 24. Rea1 Kf8 25. R1a7 Bh6 26. Rxe7
1-0

[Event "Caro-Kann, Can You? July 2012 30/1/45"]
[Site "SchemingMind.com"]
[Date "2012.07.21"]
[Round "-"]
[White "Phillip Beckett"]
[Black "cnile"]
[Result "1-0"]
[WhiteCountry "ENG"]
[BlackCountry "SCO"]
[WhiteElo "1640"]
[WhiteRD "50"]
[BlackElo "1463"]
[BlackRD "58"]
[GameID "314788"]

1. e4 c6 2. d4 d5 3. Nc3 dxe4 4. Nxe4 Nf6 5. Ng3 Nbd7 6. Nf3 e6 7. Bd3 c5 8. dxc5 Qa5+ 9. c3 Bxc5 10. b4 Bxb4
11. cxb4 Qxb4+ 12. Qd2 Qe7 13. a4 O-O 14. Ba3
1-0

[Event "Caro-Kann, Can You? July 2012 30/1/45"]
[Site "SchemingMind.com"]
[Date "2012.07.23"]
[Round "-"]
[White "Phillip Beckett"]
[Black "The Stonewall"]
[Result "0-1"]
[WhiteCountry "ENG"]
[BlackCountry "ENG"]
[WhiteElo "1600"]
[WhiteRD "47"]
[BlackElo "2293"]
[BlackRD "85"]
[GameID "314789"]

1. e4 c6 2. d4 d5 3. Nc3 dxe4 4. Nxe4 Nf6 5. Ng3 h5 6. c3 h4 7. N3e2 Bf5 8. Nf3 Nbd7 9. Bg5 h3 10. g3 Ne4
11. Be3 e6 12. Qa4 Bg4 13. Neg1 Be7 14. Bd3 Nef6 15. O-O-O b5 16. Qc2 Nd5 17. Re1 Rb8 18. Ne5 Nxe5 19. dxe5 b4 20. f3 bxc3
21. fxg4 Rxb2 22. Qa4 Nb4 23. a3 Na2+ 24. Kd1 Qxd3+ 25. Bd2 Rxd2#
0-1

[Event "Caro-Kann, Can You? July 2012 30/1/45"]
[Site "SchemingMind.com"]
[Date "2012.07.21"]
[Round "-"]
[White "Phillip Beckett"]
[Black "macBruck"]
[Result "1-0"]
[WhiteCountry "ENG"]
[BlackCountry "AUS"]
[WhiteElo "1600"]
[WhiteRD "47"]
[BlackElo "1577"]
[BlackRD "73"]
[GameID "314790"]

1. e4 c6 2. d4 d5 3. Nc3 e6 4. exd5 exd5 5. Bd3 Qe7+ 6. Nge2 Nf6 7. O-O Qd6 8. Bf4 Qd7 9. Ng3 g6 10. Qd2 h6
11. Rfe1+ Be7 12. Be5 Kf8 13. Qf4 g5 14. Qf3 Rg8 15. Bxf6 Bxf6 16. Qxf6 Rg6 17. Bxg6 Qe6 18. Qh8+ Ke7 19. Qxc8 Kf6 20. Rxe6+ fxe6
21. Qe8 g4 22. Qf7+ Kg5 23. Qxe6 Nd7 24. Qf5+
1-0